ბათუმის შოთა რუსთაველის სახელმწიფო უნივერსიტეტის ბიბლიოთეკა

საქართველოს ეთნოგრაფია : (ბიბ.ჩანაწერი № 59969)

000 -ლიდერი
ფიქსირებული სიგრძის საკონტროლო ველი 01729nam a22002297a 4500
003 - საკონტროლო ნომრის იდენტიფიკატორი
საკონტროლო ველი Ge_BSU
005 - ბოლო ოპერაციის თარიღი და დრო
საკონტროლო ველი 20230525123039.0
008 - ფიქსირებული სიგრძის მონაცემთა ელემენტები - ზოგადი ინფორმაცია
ფიქსირებული სიგრძის საკონტროლო ველი 230525s1964 ge ||||| |||| 00| 0 geo d
041 ## - ენის კოდი
Language code of text/sound track or separate title geo
080 ## - უნივერსალური ათობითი კლასიფიკაციის ინდექსი
Universal Decimal Classification number 39(=353.1)(084.1) +745.52(479.22)(084.1) ს-32
245 ## - ცნობა სათაურის შესახებ
Title საქართველოს ეთნოგრაფია :
Remainder of title დაჩითული ქსოვილები /
Statement of responsibility, etc [ავტ. ნ. ბრაილაშვილი] ; ივ. ჯავახიშვილის სახ. ისტორიის ინ-ტი, ს. ჯანაშიას სახ. საქ. სახელმწ. მუზეუმი.
264 ## - წარმოების, გამოცემის, დისტრიბუციის და სხვა ცნობები
გამოცემის, წარმოების, დისტრიბუციის... ადგილი თბილისი :
გამოცემის, წარმოების, დისტრიბუციის... სახელწოდება საბჭ. საქართველო,
გამოცემის, წარმოების, დისტრიბუციის... თარიღი 1964.
300 ## - ფიზიკური აღწერა
Extent 23 გვ. :
Other physical details ილ. ;
Dimensions 29 სმ.
490 ## - სერიის ცნობა
Series statement ეთნოგრაფიულ და ანთროპოლოგიურ მეცნიერებათა VII საერთაშორისო კონგრესისათვის
500 ## - ზოგადი შენიშვნა
General note ტექსტი პარალელურად ქართულ და რუსულ ენებზე
653 ## - INDEX TERM--UNCONTROLLED
Uncontrolled term ქართველების ეთნოგრაფია
653 ## - INDEX TERM--UNCONTROLLED
Uncontrolled term ილუსტრაციების ალბომები.
653 ## - INDEX TERM--UNCONTROLLED
Uncontrolled term დაჩითული ქსოვილები.
700 ## - ADDED ENTRY--PERSONAL NAME
Personal name ბრაილაშვილი, ნ.
Relator term ავტორი.
9 (RLIN) 18215
710 ## - ADDED ENTRY--CORPORATE NAME
Corporate name or jurisdiction name as entry element ივ. ჯავახიშვილის სახ. ისტორიის ინსტიტუტი
Subordinate unit ს. ჯანაშიას სახ. საქართველოს სახელმწიფო მუზეუმი.
9 (RLIN) 18216
942 ## - ADDED ENTRY ELEMENTS (KOHA)
Source of classification or shelving scheme
Koha item type წიგნი
ეგზემპლარები
ჩამოწერის სტატუსი დაკარგული ეგზემპლარის სტატუსი კლასიფიკაციის წყარო ან თაროზე გაწყობის სქემა დაზიანების სტატუსი არ გაიცემა მუდმივი მდებარეობა (დაცვის ადგილი) ამჟამინდელი ადგილსამყოფელი თაროზე განთავსების ადგილი შეძენის თარიღი ღირებულება, შესყიდვის ნორმალური ფასი სრული შენახვის შიფრი შტრიხკოდი ბოლო ოპერაციის თარიღი ეგზემპლარის მიმდევრობითი ნომერი (კეტერი?) Uniform Resource Identifier ფასის ძალაში შესვლის თარიღი ეგზემპლარის სახეობა საჯარო შენიშვნა
          ბათუმის შოთა რუსთაველის სახელმწიფო უნივერსიტეტის მთავარი ბიბლიოთეკა ბათუმის შოთა რუსთაველის სახელმწიფო უნივერსიტეტის მთავარი ბიბლიოთეკა წიგნსაცავი 2023-05-25 7.00 39(=353.1)(084.1) +745.52(479.22)(084.1) ს-32 64462 2023-05-25 64462 ბსუ-ს საპატიო დოქტორის გურამ ლორთქიფანიძის საჩუქარი 2023-05-25 წიგნი 7 ლ.